000 00273pab a2200109 454500
008 180718b xxu||||| |||| 00| 0 eng d
100 _aSingh, Shamsher
245 _aImplications for an urban policy
650 _aCities and Towns
773 _aFinancial Express
909 _a21630
999 _c21630
_d21630